Modernism in China : (Record no. 353474)
[ view plain ]
| 000 -LEADER | |
|---|---|
| fixed length control field | 01303cam a22003497a 4500 |
| 001 - CONTROL NUMBER | |
| control field | 15430323 |
| 003 - CONTROL NUMBER IDENTIFIER | |
| control field | OSt |
| 005 - DATE AND TIME OF LATEST TRANSACTION | |
| control field | 20180116192408.0 |
| 008 - FIXED-LENGTH DATA ELEMENTS--GENERAL INFORMATION | |
| fixed length control field | 080827s2008 enkabe | b 001 0 eng |
| 010 ## - LIBRARY OF CONGRESS CONTROL NUMBER | |
| LC control number | 2008298707 |
| 015 ## - NATIONAL BIBLIOGRAPHY NUMBER | |
| National bibliography number | GBA847903 |
| Source | bnb |
| 016 7# - NATIONAL BIBLIOGRAPHIC AGENCY CONTROL NUMBER | |
| Record control number | 014566763 |
| Source | Uk |
| 020 ## - INTERNATIONAL STANDARD BOOK NUMBER | |
| International Standard Book Number | 9780470319284 (hbk.) |
| 020 ## - INTERNATIONAL STANDARD BOOK NUMBER | |
| International Standard Book Number | 0470319283 (hbk.) |
| 035 ## - SYSTEM CONTROL NUMBER | |
| System control number | (OCoLC)ocn209804685 |
| 040 ## - CATALOGING SOURCE | |
| Original cataloging agency | UKM |
| Transcribing agency | UKM |
| Modifying agency | BTCTA |
| -- | BAKER |
| -- | YDXCP |
| -- | BWKUK |
| -- | BWK |
| -- | BWX |
| -- | CDX |
| -- | OCLCA |
| -- | DLC |
| 042 ## - AUTHENTICATION CODE | |
| Authentication code | lccopycat |
| 050 00 - LIBRARY OF CONGRESS CALL NUMBER | |
| Classification number | NA1545.6 |
| Item number | .D45 2008 |
| 082 04 - DEWEY DECIMAL CLASSIFICATION NUMBER | |
| Classification number | 720.9510904 DEN 2008 |
| Edition number | 22 |
| 100 1# - MAIN ENTRY--PERSONAL NAME | |
| Personal name | Denison, Edward. |
| 9 (RLIN) | 1115 |
| 245 10 - TITLE STATEMENT | |
| Title | Modernism in China : |
| Remainder of title | architectural visions and revolutions / |
| Statement of responsibility, etc. | Edward Denison, Guang Yu Ren. |
| 260 ## - PUBLICATION, DISTRIBUTION, ETC. | |
| Place of publication, distribution, etc. | Chichester, England ; |
| -- | Hoboken, NJ : |
| Name of publisher, distributor, etc. | John Wiley, |
| Date of publication, distribution, etc. | c2008. |
| 300 ## - PHYSICAL DESCRIPTION | |
| Extent | 336 p. : |
| Other physical details | ill. (some col.), maps, plans ; |
| Dimensions | 27 cm. |
| 504 ## - BIBLIOGRAPHY, ETC. NOTE | |
| Bibliography, etc. note | Includes bibliographical references (p. 320-327) and index. |
| 650 #0 - SUBJECT ADDED ENTRY--TOPICAL TERM | |
| Topical term or geographic name entry element | Architecture |
| Geographic subdivision | China |
| General subdivision | History |
| Chronological subdivision | 20th century. |
| 9 (RLIN) | 1116 |
| 650 #0 - SUBJECT ADDED ENTRY--TOPICAL TERM | |
| Topical term or geographic name entry element | Architecture |
| Geographic subdivision | China |
| General subdivision | History |
| Chronological subdivision | 21st century. |
| 9 (RLIN) | 1117 |
| 700 1# - ADDED ENTRY--PERSONAL NAME | |
| Personal name | Ren, Guang Yu. |
| 9 (RLIN) | 1118 |
| 906 ## - LOCAL DATA ELEMENT F, LDF (RLIN) | |
| a | 7 |
| b | cbc |
| c | copycat |
| d | 2 |
| e | ncip |
| f | 20 |
| g | y-gencatlg |
| 942 ## - ADDED ENTRY ELEMENTS (KOHA) | |
| Source of classification or shelving scheme | |
| Koha item type | Book |
| Withdrawn status | Lost status | Source of classification or shelving scheme | Damaged status | Not for loan | Permanent Location | Current Location | Date acquired | Total Checkouts | Full call number | Barcode | Date last seen | Cost, replacement price | Price effective from | Koha item type |
|---|---|---|---|---|---|---|---|---|---|---|---|---|---|---|
| School of Art Design and Architecture (SADA) | School of Art Design and Architecture (SADA) | 04/25/2012 | 720.9510904 DEN 2008 | SADA0001666 | 01/05/2017 | 6324.00 | 01/05/2017 | Book |
